Patente de la cofradia del santo Christo, que se venera en la iglesia de la Palma, de la ciudad de México

Detalles Bibliográficos
Formato: Libro
Lenguaje:Spanish
Publicado: en Mexico : en la imprenta del Br. D. Josef Antonio de Hogal, 1777.
Materias:
Colección:Banco de datos
Acervo:Biblioteca Félix de Jesús Rougier de los Misioneros del Espíritu Santo. Fondo Antiguo
Descripción Física:[3] h. : il. ; 8°
Tema general:Derecho eclesiástico
Notas:Portada tipográfica con pleca en grabado xilográfico. Incluye ilustración en grabado xilográfico. Incluye capitular en grabado xilográfico. Encuadernación en keratol. Ex libris manuscrito en la primer hoja: "Da. Maria Jpha. Rubiera". Sello en tinta de la Biblioteca Félix de Jesús Rougier
LEADER 00892nam a22001570004500
035 |a 237 
041 0 |a spa 
245 1 0 |a Patente de la cofradia del santo Christo, que se venera en la iglesia de la Palma, de la ciudad de México  
260 |a en Mexico : en la imprenta del Br. D. Josef Antonio de Hogal, 1777. 
300 |a [3] h. : il. ; 8° 
500 |a Portada tipográfica con pleca en grabado xilográfico. Incluye ilustración en grabado xilográfico. Incluye capitular en grabado xilográfico. Encuadernación en keratol. Ex libris manuscrito en la primer hoja: "Da. Maria Jpha. Rubiera". Sello en tinta de la Biblioteca Félix de Jesús Rougier 
650 1 0 |a Derecho eclesiástico 
949 |a Biblioteca Félix de Jesús Rougier, Fondo Antiguo 298 
942 |c ROUGIER 
943 |g Biblioteca Félix de Jesús Rougier de los Misioneros del Espíritu Santo. Fondo Antiguo 
999 |c 945256  |d 945256